LIBRARY & INFORMATION CENTRE, KCAET, TAVANUR

ONLINE PUBLIC ACCESS CATALOGUE (OPAC)

Impact of grow lights on crop performance under simulated growing environment (Record no. 14996)

MARC details
000 -LEADER
fixed length control field 00748nam a22001817a 4500
003 - CONTROL NUMBER IDENTIFIER
control field OSt
088 ## - REPORT NUMBER
Report number P 328
100 ## - MAIN ENTRY--AUTHOR NAME
Personal name ABEENA M. A
-- MAMATHA PRABHAKAR
-- SIBIN C. BABY
245 ## - TITLE STATEMENT
Title Impact of grow lights on crop performance under simulated growing environment
260 ## - PUBLICATION, DISTRIBUTION, ETC. (IMPRINT)
Place of publication Tavanur 2016
Name of publisher Department of Land & Water Resources and Conservation Engineering
300 ## - PHYSICAL DESCRIPTION
Number of Pages 65
500 ## - GENERAL NOTE
General note Impact of grow lights on crop performance under simulated growing environment
520 ## - SUMMARY, ETC.
Summary, etc Impact of grow lights on crop performance under simulated growing environment
700 ## - ADDED ENTRY--PERSONAL NAME
Personal name Dr. Abdul Hakkim V. M (Guide)
856 ## - ELECTRONIC LOCATION AND ACCESS
Uniform Resource Identifier https://drive.google.com/open?id=1FkpLaZikAzrFIcAbEBtNMjPhLCOZ7fgC
942 ## - ADDED ENTRY ELEMENTS (KOHA)
Koha item type Project Report
Holdings
Collection code Home library Current library Shelving location Full call number Accession Number Koha item type
Reference KAUAET KAUAET Reference 631.75 807ABE/IM P 328 Project Report
free website counter